| 000 | 00531nam a2200217Ia 4500 | ||
|---|---|---|---|
| 003 | OSt | ||
| 005 | 20220924123343.0 | ||
| 006 | a|||||r|||| 00| 0 | ||
| 007 | ta | ||
| 008 | 220923b |||||||| |||| 00| 0 fre d | ||
| 024 | _a144789 | ||
| 037 | _cTextual | ||
| 040 |
_aARTS _cARTS _bfre |
||
| 041 |
_2fre _afre |
||
| 082 | _aY176:3N, 122J1(906) | ||
| 245 | 0 | _aL'Art Negre | |
| 260 |
_aNA _bNA _c1951 |
||
| 650 | _aSOCIOLOGY | ||
| 942 |
_hY176:3N, 122J1(906) _cTEXL _2CC |
||
| 999 |
_c415390 _d415390 |
||